000 01167cam a2200289 i 4500
003 SA-RiAUC
005 20250822135739.0
008 250819s1978 su g 000r0 ara c
020 _a977256274X
040 _aSA-RiAUC
_bara
_cSA-RiAUC
_erda
082 0 4 _a231
090 _a231
_b م ش ا
100 1 _aالمشاط، حسن بن محمد،
_d1319-1399 هجري
_eمؤلف.
245 1 0 _aرفع الأستار عن محيا مخدرات طلعة الأنوار :
_bشرح الراجي الفوز على الصراط /
_cحسن محمد المشاط.
246 3 0 _aشرح الراجي الفوز على الصراط
250 _aالطبعة السادسة.
264 1 _aمكة المكرمة :
_bمكتبة النهضة العربية،
_c[1978]
300 _a209 صفحة ؛
_c24سم
336 _aنص
_btxt
_2rdacontent
_3كتاب
337 _aبدون وسيط
_bn
_2rdamedia
338 _aمجلد
_bnc
_2rdacarrier
650 7 _aعلم دراية الحديث
_2aucsh
650 7 _aالحديث
_xإسناد
_2aucsh
740 2 _aالراجي الفوز على الصراط.
942 _2ddc
_cBOOK
_n0
949 _aSA-JeALM
_d250819
_umohamedma123
_n1
999 _c11031
_d11031